[Event "22nd ch-EUR Indiv 2022"]
[Site "Terme Catez SLO"]
[Date "2022.03.29"]
[Round "3.123"]
[White "Samunenkov, Ihor"]
[Black "Lavrencic, Matic"]
[Result "1-0"]
[WhiteTitle "FM"]
[WhiteElo "2372"]
[BlackElo "2159"]
[WhiteFideId "14187086"]
[BlackFideId "14637847"]
[EventDate "2022.03.27"]

1. e4 c5 2. Ne2 Nf6 3. Nbc3 d6 4. d4 cxd4 5. Nxd4 a6 6. h3 e5 7. Nde2 h5 8. g3
Be7 9. Bg2 b5 10. Nd5 Nxd5 11. Qxd5 Ra7 12. Be3 Rb7 13. g4 Nd7 14. gxh5 Nf6 15.
Qd2 Nxh5 16. O-O-O b4 17. f4 Be6 18. b3 Qc7 19. f5 Bd7 20. Bf3 Nf6 21. h4 Bc6
22. Ng3 Qa5 23. a4 Bxa4 24. bxa4 Qxa4 25. Qd3 Rc7 26. Ne2 d5 27. Kb1 d4 28. Bd2
Rc3 29. Nxc3 bxc3 30. Bxc3 dxc3 31. Qxc3 O-O 32. Qb3 Qc6 33. Rd3 Bd6 34. Rc3 Qa8
35. Qa4 Qa7 36. Rd1 Bc5 37. Qc6 Bb4 38. Qc7 Qf2 39. Rb3 a5 40. Qxe5 Rc8 41. Qb2
Qxh4 42. e5 Ne4 43. Qd4 a4 1-0

[Event "22nd ch-EUR Indiv 2022"]
[Site "Terme Catez SLO"]
[Date "2022.03.29"]
[Round "3.124"]
[White "Debevec, Blaz"]
[Black "Lenaerts, Lennert"]
[Result "0-1"]
[WhiteTitle "CM"]
[BlackTitle "FM"]
[WhiteElo "2084"]
[BlackElo "2361"]
[WhiteFideId "14605813"]
[BlackFideId "211435"]
[EventDate "2022.03.27"]

1. d4 Nf6 2. c4 c5 3. d5 b5 4. cxb5 a6 5. b6 e6 6. Nc3 exd5 7. Nxd5 Nxd5 8. Qxd5
Nc6 9. e4 Be7 10. Bc4 O-O 11. Nf3 Rb8 12. O-O Rxb6 13. Ng5 Qe8 14. Be3 Na5 15.
b3 Bb7 16. Qxf7+ Rxf7 17. Bxf7+ Qxf7 18. Nxf7 Kxf7 19. Rac1 d6 20. e5 dxe5 21.
Bxc5 Rg6 22. g3 Nc6 23. f4 e4 24. Bxe7 Nxe7 25. Rc7 Bc6 26. Rd1 Re6 27. Kf2 Kf6
28. Rd8 e3+ 29. Ke1 Kf5 30. Ra7 Bf3 31. Rc7 Kg4 32. b4 Nf5 33. Rc5 g6 34. a3 e2
35. Re5 Rxe5 36. fxe5 Ne3 37. Rd4+ Kg5 38. h4+ Kh6 39. Kf2 Nc2 0-1

[Event "22nd ch-EUR Indiv 2022"]
[Site "Terme Catez SLO"]
[Date "2022.03.29"]
[Round "3.125"]
[White "Unuk, Laura"]
[Black "Monpeurt, Cyrielle"]
[Result "1/2-1/2"]
[WhiteTitle "IM"]
[BlackTitle "WFM"]
[WhiteElo "2346"]
[BlackElo "2156"]
[WhiteFideId "14609215"]
[BlackFideId "677400"]
[EventDate "2022.03.27"]

1. d4 Nf6 2. c4 c5 3. d5 e6 4. Nc3 exd5 5. cxd5 d6 6. Nf3 g6 7. Bf4 a6 8. a4 Qe7
9. h3 Nbd7 10. e3 Bg7 11. Be2 O-O 12. O-O Rb8 13. Re1 Ne8 14. Nd2 Ne5 15. Bh2 f5
16. a5 b5 17. axb6 Rxb6 18. Qc1 Nc7 19. Kh1 g5 20. f4 Nf7 21. Nc4 Rb4 22. fxg5
Ne5 23. Bxe5 Bxe5 24. Nxe5 Qxe5 25. Bf3 Qg7 26. e4 f4 27. e5 dxe5 28. d6 Ne6 29.
Nd5 Rd4 30. h4 Kh8 31. Nf6 Rxf6 32. gxf6 Qxf6 33. Kg1 Rxd6 34. b4 Nd4 35. Qxc5
Nxf3+ 36. gxf3 Qg7+ 37. Kh1 Bb7 38. Qf2 Qd7 39. Ra3 Rd2 40. Re2 Qh3+ 41. Kg1
Rd1+ 42. Re1 Bxf3 43. Rxf3 Rxe1+ 44. Qxe1 Qxf3 45. Qxe5+ Kg8 46. Qg5+ Kf7 47.
Qf5+ Kg7 48. Qg5+ Kf7 49. Qf5+ Kg7 1/2-1/2

[Event "22nd ch-EUR Indiv 2022"]
[Site "Terme Catez SLO"]
[Date "2022.03.29"]
[Round "3.126"]
[White "Pasztor, Balazs"]
[Black "Zlatkov, Anton"]
[Result "0-1"]
[WhiteTitle "FM"]
[WhiteElo "2338"]
[BlackElo "2081"]
[WhiteFideId "774723"]
[BlackFideId "15005402"]
[EventDate "2022.03.27"]

1. e4 c5 2. Nf3 d6 3. d4 cxd4 4. Nxd4 Nf6 5. Nc3 Nc6 6. Bg5 e6 7. Qd3 a6 8. Nxc6
bxc6 9. O-O-O Qa5 10. Qg3 Rb8 11. Bc4 Qb4 12. Bb3 d5 13. Rhe1 Be7 14. exd5 cxd5
15. Bxf6 gxf6 16. Qg7 Rf8 17. Qxh7 a5 18. Qd3 Bd7 19. g3 Rh8 20. h4 a4 21. a3
Qa5 22. Bxd5 exd5 23. Nxd5 Be6 24. Nxe7 Qb6 25. Nd5 Qxb2+ 26. Kd2 Rd8 27. Rxe6+
fxe6 28. Qg6+ Kf8 29. Ke2 Rxd5 30. Rb1 Qe5+ 31. Kf1 Rd8 32. Qg4 Rh7 33. Re1 Qf5
34. Qxa4 Rhd7 35. c4 Rd2 36. Qb4+ Kg8 37. Qb6 Rd1 38. Kg2 R8d6 39. Qb8+ Kg7 40.
Qc7+ Kg6 41. Qe7 Qg4 42. Re3 Rd7 43. Qe8+ Kg7 44. h5 e5 45. Rf3 Rh1 46. Qxd7+
Qxd7 47. Kxh1 Qc6 48. Kg2 f5 49. a4 Kh6 50. c5 Kg5 51. h6 Kg4 0-1

[Event "22nd ch-EUR Indiv 2022"]
[Site "Terme Catez SLO"]
[Date "2022.03.29"]
[Round "3.127"]
[White "Bashylina, Luisa"]
[Black "Ortega Ruiz, Jose Miguel"]
[Result "0-1"]
[WhiteTitle "WFM"]
[BlackTitle "FM"]
[WhiteElo "2043"]
[BlackElo "2331"]
[WhiteFideId "12983292"]
[BlackFideId "2209713"]
[EventDate "2022.03.27"]

1. d4 Nf6 2. c4 g6 3. h4 c5 4. d5 b5 5. cxb5 a6 6. e3 Bg7 7. Nc3 O-O 8. bxa6 d6
9. e4 e6 10. Bg5 Re8 11. Bc4 Bxa6 12. Bxa6 Rxa6 13. Nge2 exd5 14. Bxf6 Qxf6 15.
Qxd5 Nc6 16. O-O Qxh4 17. g3 Qh3 18. Nf4 Qg4 19. Kg2 Be5 20. f3 Qg5 21. Nfe2 Qe7
22. Qc4 Qb7 23. Rab1 Rea8 24. f4 Bg7 25. a4 Rb6 26. Nb5 Rxa4 27. Qxa4 Rxb5 28.
Qc2 Rb4 29. Nc3 Nd4 30. Qd3 Rb3 31. Qc4 h5 32. Nd5 Qd7 33. f5 Be5 34. Nc3 gxf5
35. exf5 Qd8 36. f6 Qd7 37. Qd3 Qg4 38. Rf2 h4 39. Ra1 Rb8 40. Ne4 d5 41. Nxc5
Bxg3 42. Qd1 Qg5 43. Rc2 Nxc2 44. Qxc2 Rxb2 0-1

[Event "22nd ch-EUR Indiv 2022"]
[Site "Terme Catez SLO"]
[Date "2022.03.29"]
[Round "3.128"]
[White "Dordzhieva, Dinara"]
[Black "Henseler, Jorgen"]
[Result "1-0"]
[WhiteTitle "WGM"]
[WhiteElo "2325"]
[BlackElo "2059"]
[WhiteFideId "24157570"]
[BlackFideId "1023233"]
[EventDate "2022.03.27"]

1. d4 Nf6 2. c4 g6 3. Nc3 Bg7 4. e4 d6 5. Nf3 O-O 6. Be2 e5 7. O-O Nc6 8. d5 Ne7
9. Bg5 Nh5 10. Re1 Nf4 11. Bxf4 exf4 12. Qd2 Be5 13. Nxe5 dxe5 14. c5 b6 15. b4
a5 16. a3 Bb7 17. Rad1 Kg7 18. Nb5 axb4 19. axb4 bxc5 20. bxc5 Ra4 21. Qb2 f6
22. Nxc7 Qxc7 23. d6 Qxc5 24. Qxb7 Ra7 25. Qb5 Qxb5 26. Bxb5 Ng8 27. Rc1 Rfa8
28. Rc7+ Kf8 29. h3 Nh6 30. Rec1 Nf7 31. Bc6 Nxd6 32. Bxa8 Rxa8 33. f3 h5 34.
Rh7 Ne8 35. Rd1 h4 36. Rdd7 Kg8 37. Rxh4 Ng7 38. Rh6 Ra1+ 39. Kh2 1-0

[Event "22nd ch-EUR Indiv 2022"]
[Site "Terme Catez SLO"]
[Date "2022.03.29"]
[Round "3.129"]
[White "Varney, Zoe"]
[Black "Kanyamarala, Tarun"]
[Result "0-1"]
[WhiteTitle "WCM"]
[BlackTitle "FM"]
[WhiteElo "1998"]
[BlackElo "2325"]
[WhiteFideId "436135"]
[BlackFideId "45004714"]
[EventDate "2022.03.27"]

1. e4 c5 2. Nf3 Nc6 3. d4 cxd4 4. Nxd4 Nf6 5. Nc3 d6 6. f3 e5 7. Nb3 Be7 8. Be3
O-O 9. Qd2 a5 10. a4 Be6 11. Nd5 Bxd5 12. exd5 Nb4 13. c4 Nd7 14. Be2 f5 15. O-O
f4 16. Bf2 b6 17. Nc1 Bh4 18. g3 Bg5 19. g4 e4 20. Bd4 e3 21. Qc3 Bf6 22. Bxf6
Rxf6 23. Bd3 Rh6 24. Qe1 Ne5 25. Qe2 Qh4 26. Ra3 Rc8 27. Bf5 Rxc4 28. Rc3 Rxc3
29. bxc3 Nxd5 30. Qa2 Kf8 31. Qg2 Nxc3 32. Bd3 Nxa4 33. Be4 Nc5 34. Bd5 Ned3 35.
Nxd3 Nxd3 36. Qc2 Ne5 37. Qf5+ Ke7 38. Qxf4 e2 39. Rc1 e1=Q+ 40. Rxe1 Qxe1+ 41.
Kg2 Qe2+ 42. Kg1 Qd1+ 43. Kg2 Qxd5 0-1

[Event "22nd ch-EUR Indiv 2022"]
[Site "Terme Catez SLO"]
[Date "2022.03.29"]
[Round "3.130"]
[White "Yordanov, Lachezar"]
[Black "Franc, Borna"]
[Result "1-0"]
[WhiteTitle "FM"]
[WhiteElo "2318"]
[BlackElo "2013"]
[WhiteFideId "2918927"]
[BlackFideId "14555948"]
[EventDate "2022.03.27"]

1. d4 d5 2. c4 e6 3. Nf3 Nf6 4. g3 Be7 5. Bg2 O-O 6. O-O c6 7. Qc2 b6 8. Bf4 Bb7
9. Ne5 c5 10. dxc5 Bxc5 11. Nc3 Qe7 12. cxd5 exd5 13. Nd3 Nc6 14. Bg5 Nd4 15.
Qd2 Rad8 16. Nf4 h6 17. Bxf6 Qxf6 18. Rad1 Rfe8 19. e3 Nf5 20. Nfxd5 Qe5 21. Qe2
a5 22. Nf6+ Qxf6 23. Bxb7 Rxd1 24. Qxd1 Bb4 25. Qb3 Bxc3 26. bxc3 h5 27. c4 h4
28. Bd5 hxg3 29. hxg3 Qg6 30. Bg2 Nh6 31. Bf3 Re6 32. Rd1 Qf5 33. Rd8+ Kh7 34.
Qd3 g6 35. Qxf5 Nxf5 36. Bd5 Rf6 37. e4 Nd4 38. Kg2 Nc2 39. f4 Kg7 40. e5 1-0

[Event "22nd ch-EUR Indiv 2022"]
[Site "Terme Catez SLO"]
[Date "2022.03.29"]
[Round "3.131"]
[White "Kodric, Gasper"]
[Black "Sokolovsky, Yahli"]
[Result "0-1"]
[BlackTitle "FM"]
[WhiteElo "1787"]
[BlackElo "2395"]
[WhiteFideId "14625814"]
[BlackFideId "2820242"]
[EventDate "2022.03.27"]

1. c4 Nf6 2. g3 g6 3. Bg2 Bg7 4. Nc3 O-O 5. Nf3 d6 6. O-O e5 7. d3 a5 8. Rb1 Re8
9. e4 Bg4 10. h3 Bxf3 11. Bxf3 Nc6 12. Be3 Nd7 13. Bg2 Nc5 14. Qd2 Ne6 15. f4
exf4 16. gxf4 f5 17. Ne2 Ned4 18. Rbe1 Nxe2+ 19. Rxe2 Qd7 20. Rfe1 a4 21. Kh1
Rf8 22. Bg1 Bh6 23. Be3 Rae8 24. e5 dxe5 25. fxe5 Bxe3 26. Rxe3 f4 27. Bd5+ Kg7
28. e6 Qd6 29. Qc3+ Rf6 30. Rf3 Ne7 31. Qe5 Qxe5 32. Rxe5 c6 33. Be4 Nc8 34. Ra5
Nd6 35. Rxa4 g5 36. Ra7 Rexe6 37. c5 Nxe4 38. Rxb7+ Kg6 39. dxe4 Rxe4 40. b4 h5
41. b5 g4 42. Rf1 f3 43. Kh2 Re2+ 44. Kg1 g3 45. bxc6 Rg2+ 46. Kh1 Rh2+ 47. Kg1
f2+ 0-1

[Event "22nd ch-EUR Indiv 2022"]
[Site "Terme Catez SLO"]
[Date "2022.03.29"]
[Round "3.132"]
[White "Vaupot, Luka"]
[Black "Fruebing, Stefan"]
[Result "1/2-1/2"]
[BlackTitle "IM"]
[WhiteElo "2083"]
[BlackElo "2374"]
[WhiteFideId "14627671"]
[BlackFideId "4682165"]
[EventDate "2022.03.27"]

1. d4 d5 2. c4 c6 3. Nf3 Nf6 4. g3 Bg4 5. Ne5 Bf5 6. Nc3 e6 7. Qb3 Qb6 8. c5 Qc7
9. Bf4 Qc8 10. Bg2 Nbd7 11. Nxd7 Qxd7 12. Rd1 Be7 13. f3 O-O 14. O-O Bg6 15. e4
Rfd8 16. Rfe1 dxe4 17. fxe4 Qc8 18. Qc4 Rd7 19. b4 b5 20. Qb3 a5 21. a3 axb4 22.
axb4 Rda7 23. d5 Ra3 24. Qb2 cxd5 25. exd5 Bxc5+ 26. bxc5 Qxc5+ 27. Be3 Qxc3 28.
Qxc3 Rxc3 29. dxe6 Re8 30. Bd4 Rc7 31. Bb6 Rce7 32. Bc6 Rb8 33. exf7+ Kxf7 34.
Rxe7+ Kxe7 35. Bc7 Rc8 36. Bd6+ Ke6 37. Bxb5 Bh5 38. Rd4 Rc1+ 39. Kg2 Rc2+ 40.
Kg1 Rc1+ 41. Kg2 Rc2+ 42. Kg1 Bf3 43. Bf4 Rg2+ 44. Kf1 Rxh2 45. Bc4+ Bd5 46.
Bxd5+ Nxd5 47. Re4+ Kf7 48. Rd4 Ne7 49. Rc4 Kg6 50. Rc5 Ra2 51. Rg5+ Kf6 52. Rb5
h6 53. Be5+ Kg6 54. Rb6+ Kf7 55. Rb7 Ra6 56. Bxg7 Kxg7 57. Rxe7+ Kg6 1/2-1/2

[Event "22nd ch-EUR Indiv 2022"]
[Site "Terme Catez SLO"]
[Date "2022.03.29"]
[Round "3.133"]
[White "Alienkin, Aleksander"]
[Black "Ruzic, Pia Marie"]
[Result "1-0"]
[WhiteTitle "IM"]
[WhiteElo "2361"]
[BlackElo "2072"]
[WhiteFideId "4156765"]
[BlackFideId "14620057"]
[EventDate "2022.03.27"]

1. e4 e6 2. d4 d5 3. Nd2 c5 4. Ngf3 Nc6 5. Bb5 a6 6. Bxc6+ bxc6 7. O-O Nf6 8.
Re1 Be7 9. b3 cxd4 10. Nxd4 Qb6 11. Bb2 O-O 12. exd5 cxd5 13. Nf5 exf5 14. Rxe7
Ng4 15. Re2 a5 16. Nf3 Ba6 17. Rd2 Rfe8 18. h3 Nf6 19. Bxf6 Qxf6 20. Nd4 f4 21.
Qf3 Re4 22. Rad1 Rae8 23. Qc3 h6 24. Qc6 Qxc6 25. Nxc6 f3 26. gxf3 Rf4 27. Nd4
Re5 28. Kh2 Rh4 29. Rg1 Reh5 30. Rg3 f5 31. f4 Kf7 32. Nf3 Rxf4 33. Rxd5 g5 34.
Rxa5 Be2 35. Ne5+ Kf6 36. Kg2 Rd4 37. Re3 Bd1 38. Ra6+ Kg7 39. Rc3 Rd8 40. Rc7+ 1-0

[Event "22nd ch-EUR Indiv 2022"]
[Site "Terme Catez SLO"]
[Date "2022.03.29"]
[Round "3.134"]
[White "Sorm, Daniel"]
[Black "Van Hoolandt, Patrick"]
[Result "1-0"]
[WhiteTitle "FM"]
[BlackTitle "FM"]
[WhiteElo "2323"]
[BlackElo "2065"]
[WhiteFideId "5400139"]
[BlackFideId "200999"]
[EventDate "2022.03.27"]

1. d4 Nf6 2. Nf3 d5 3. c4 e6 4. Nc3 Bb4 5. e3 O-O 6. Bd2 a5 7. Bd3 Nc6 8. O-O
Re8 9. Rc1 Bf8 10. a3 g6 11. Qe2 Bg7 12. Ne5 Nxe5 13. dxe5 Nd7 14. f4 Nc5 15.
cxd5 exd5 16. Bc2 b6 17. Rfd1 a4 18. Be1 c6 19. e4 Ne6 20. Qf3 d4 21. Bxa4 Bd7
22. f5 Ng5 23. Qf2 Bxe5 24. Rxd4 Bxd4 25. Qxd4 b5 26. Bb3 gxf5 27. Bd2 Nxe4 28.
Nxe4 Rxe4 29. Qf2 Qh4 30. g3 Qh5 31. Bd1 Qg6 32. Bf3 Re6 33. Bc3 f6 34. Bd1 Kg7
35. Qd4 Be8 36. Bb3 Re4 37. Qf2 Bf7 38. Bc2 Bd5 39. Bxe4 fxe4 40. Rf1 Rf8 41.
Qd4 h5 42. Rf4 Qg5 43. Kf2 Rf7 44. Qe3 Kh7 45. Ke1 Kg6 46. Bd2 Kh7 47. h3 Qg6
48. Kf2 Be6 49. Kg2 Bd5 50. Kh2 f5 51. Bc3 Rf8 52. Qd4 Rg8 53. Qa7+ Qf7 54. Qf2
Be6 55. Rh4 Qg6 56. Qa7+ Bf7 57. Qc7 e3 58. Rd4 e2 59. Rd7 Rg7 60. Re7 h4 61.
Bxg7 hxg3+ 62. Qxg3 Kxg7 63. Rxe2 Qxg3+ 64. Kxg3 Kf6 65. Kf4 Bd5 66. Re5 Be6 67.
Rc5 Bd7 68. h4 1-0

[Event "22nd ch-EUR Indiv 2022"]
[Site "Terme Catez SLO"]
[Date "2022.03.29"]
[Round "3.135"]
[White "Taichman, Ori"]
[Black "Dubnevych, Maksym"]
[Result "1-0"]
[WhiteTitle "FM"]
[WhiteElo "2297"]
[BlackElo "2065"]
[WhiteFideId "2804069"]
[BlackFideId "14184001"]
[EventDate "2022.03.27"]

1. e4 c5 2. Nc3 Nc6 3. Bb5 g6 4. Bxc6 dxc6 5. d3 Qc7 6. f4 Bg7 7. Nf3 Nh6 8. O-O
O-O 9. Qe1 f6 10. Qh4 Nf7 11. g4 e6 12. Be3 b6 13. h3 Bd7 14. Kh1 h6 15. Qf2 Kh7
16. Rg1 Rae8 17. h4 Rh8 18. a4 Bc8 19. a5 Bf8 20. h5 g5 21. axb6 axb6 22. e5
gxf4 23. Ne4 Bg7 24. exf6 fxe3 25. Qxe3 Rhg8 26. fxg7 Kxg7 27. g5 hxg5 28. Nfxg5
Kh8 29. Nxf7+ Qxf7 30. Qh6+ Qh7 31. Qxh7+ 1-0

[Event "22nd ch-EUR Indiv 2022"]
[Site "Terme Catez SLO"]
[Date "2022.03.29"]
[Round "3.136"]
[White "Maksimovic, Masa"]
[Black "Kastelic, Marian"]
[Result "1/2-1/2"]
[WhiteTitle "WFM"]
[BlackTitle "FM"]
[WhiteElo "2063"]
[BlackElo "2287"]
[WhiteFideId "14408902"]
[BlackFideId "14602245"]
[EventDate "2022.03.27"]

1. e4 e5 2. Nf3 Nc6 3. Bb5 Nf6 4. O-O Nxe4 5. Re1 Nd6 6. Nxe5 Be7 7. Bf1 O-O 8.
d4 Nf5 9. d5 Nxe5 10. Rxe5 d6 11. Re1 c5 12. Nd2 Bd7 13. a4 Re8 14. Nc4 Bf8 15.
Rxe8 Qxe8 16. Bd3 Qe7 17. Bf4 Qf6 18. Qd2 h6 19. c3 g5 20. Bxf5 Bxf5 21. Bg3 b6
22. h3 Bd7 23. b3 Rb8 24. Rc1 a6 25. f4 b5 26. fxg5 hxg5 27. axb5 axb5 28. Ne3
Ra8 29. Nd1 Qg6 30. Nf2 f5 31. Re1 f4 32. Bh2 Bg7 33. h4 gxh4 34. Bxf4 Rf8 35.
Ne4 h3 36. Bxd6 Re8 37. Qc2 Bf5 38. Nf6+ Kf7 39. Nxe8 Bxc2 40. Re7+ Kg8 41.
Rxg7+ Qxg7 42. Nxg7 Kxg7 43. Bxc5 hxg2 44. d6 Bf5 45. Kxg2 Kf7 46. Kf2 Ke6 47.
Ke3 Bc2 48. c4 bxc4 49. bxc4 Ba4 50. Kd4 Kd7 1/2-1/2

[Event "22nd ch-EUR Indiv 2022"]
[Site "Terme Catez SLO"]
[Date "2022.03.29"]
[Round "3.137"]
[White "Kotsinis, Alexandros"]
[Black "Murko, David"]
[Result "0-1"]
[WhiteElo "2055"]
[BlackElo "2273"]
[WhiteFideId "25870750"]
[BlackFideId "14613891"]
[EventDate "2022.03.27"]

1. d4 Nf6 2. c4 g6 3. Nc3 d5 4. Bf4 Bg7 5. e3 c5 6. dxc5 Qa5 7. Rc1 dxc4 8. Bxc4
O-O 9. Nf3 Qxc5 10. Bb3 Nc6 11. O-O Qa5 12. h3 Bf5 13. Qe2 Ne4 14. Rfd1 Nxc3 15.
bxc3 Rad8 16. e4 Rxd1+ 17. Rxd1 Bc8 18. c4 h6 19. Rd5 Qc3 20. Qe3 Qxe3 21. Bxe3
a6 22. Bb6 Be6 23. Rd1 Rc8 24. c5 Bxb3 25. axb3 Nb8 26. Kf1 Kf8 27. b4 Ke8 28.
Nd4 Bxd4 29. Rxd4 Nc6 30. Rc4 e5 31. Ke2 Kd7 32. Kd3 Nd4 33. f4 f6 34. Rc1 Ne6
35. fxe5 fxe5 36. Kc4 Rf8 37. Rd1+ Nd4 38. Kd5 Nc6 39. Kc4+ Nd4 40. c6+ Kxc6 41.
Bxd4 Rd8 42. Rd3 Rxd4+ 43. Rxd4 exd4 44. Kxd4 b6 45. Ke5 a5 46. b5+ Kc5 0-1

[Event "22nd ch-EUR Indiv 2022"]
[Site "Terme Catez SLO"]
[Date "2022.03.29"]
[Round "3.138"]
[White "Milikow, Elie"]
[Black "Zupancic, Urban"]
[Result "1-0"]
[WhiteTitle "CM"]
[WhiteElo "2256"]
[BlackElo "2047"]
[WhiteFideId "371281868"]
[BlackFideId "14606631"]
[EventDate "2022.03.27"]

1. e4 e5 2. Nf3 Nc6 3. Bb5 a6 4. Ba4 Nf6 5. O-O Be7 6. Bxc6 dxc6 7. Re1 Nd7 8.
b3 O-O 9. Bb2 f6 10. d4 Bd6 11. Nbd2 exd4 12. Bxd4 Ne5 13. h3 Qe7 14. Qe2 Be6
15. Bxe5 Bxe5 16. Nxe5 fxe5 17. Rad1 Rf6 18. Qe3 Raf8 19. Re2 Bf7 20. Rde1 Bh5
21. f3 Bf7 22. Nf1 Be6 23. Nh2 Bc8 24. Rd2 Rg6 25. Kh1 Qh4 26. Red1 h5 27. Qc5
Qf6 28. Qf2 Rh6 29. Rd3 g5 30. Qd2 g4 31. fxg4 hxg4 32. Rf1 Qg7 33. Rxf8+ Kxf8
34. Rd8+ Ke7 35. Rxc8 1-0

[Event "22nd ch-EUR Indiv 2022"]
[Site "Terme Catez SLO"]
[Date "2022.03.29"]
[Round "3.139"]
[White "Qorri, Fatmir"]
[Black "Gershkowich, David"]
[Result "0-1"]
[BlackTitle "FM"]
[WhiteElo "2031"]
[BlackElo "2233"]
[WhiteFideId "4702107"]
[BlackFideId "2803356"]
[EventDate "2022.03.27"]

1. e4 c5 2. Nf3 d6 3. Bc4 e6 4. O-O Nc6 5. c3 Nf6 6. Re1 Be7 7. d4 d5 8. exd5
exd5 9. Bb5 O-O 10. h3 Ne4 11. dxc5 f5 12. b4 Bf6 13. Bxc6 bxc6 14. Nd4 Bh4 15.
g3 f4 16. Nxc6 Qd7 17. Rxe4 dxe4 18. Qxd7 Bxd7 19. Ne5 fxg3 20. fxg3 Bxh3 21.
gxh4 Rf1+ 22. Kh2 Rxc1 23. a4 Be6 24. Kg3 Rf8 25. c4 e3 26. Ra2 Rxb1 27. b5 Rg1+
28. Kh2 Re1 29. Kg2 e2 30. Nf3 Rxf3 31. Kxf3 Bxc4 32. Rxe2 Rxe2 33. c6 Re8 0-1

[Event "22nd ch-EUR Indiv 2022"]
[Site "Terme Catez SLO"]
[Date "2022.03.29"]
[Round "3.140"]
[White "Chennaoui, Yasin"]
[Black "Hommer, Jeremy"]
[Result "1-0"]
[WhiteElo "2015"]
[BlackElo "2221"]
[WhiteFideId "1330667"]
[BlackFideId "12992577"]
[EventDate "2022.03.27"]

1. Nf3 Nf6 2. c4 e6 3. e3 b6 4. d4 Bb7 5. Bd3 Ne4 6. O-O Be7 7. b3 O-O 8. Bb2 f5
9. Nfd2 Nxd2 10. Nxd2 d6 11. b4 Nd7 12. Qb3 c5 13. bxc5 dxc5 14. d5 e5 15. e4 f4
16. Be2 Bd6 17. Bg4 Bc8 18. Be6+ Kh8 19. Nf3 Qe7 20. g3 g5 21. h4 h6 22. hxg5
hxg5 23. Kg2 Kg7 24. Rh1 Kg6 25. Bf5+ Rxf5 26. exf5+ Kxf5 27. Rh6 g4 28. Qc2+ e4
29. Nh4+ Kg5 30. Rg6+ Kh5 31. Rh1 f3+ 32. Kf1 1-0

[Event "22nd ch-EUR Indiv 2022"]
[Site "Terme Catez SLO"]
[Date "2022.03.29"]
[Round "3.141"]
[White "Ghita, Vlad-Bogdan"]
[Black "Nareks, Matic"]
[Result "0-1"]
[BlackTitle "CM"]
[WhiteElo "1981"]
[BlackElo "2202"]
[WhiteFideId "1222198"]
[BlackFideId "14629526"]
[EventDate "2022.03.27"]

1. e4 g6 2. d4 Bg7 3. Nc3 d6 4. Be3 a6 5. a4 Nf6 6. h3 O-O 7. Nge2 e5 8. g4 exd4
9. Bxd4 Nc6 10. Be3 h5 11. g5 Nh7 12. f4 f5 13. gxf6 Bxf6 14. Rg1 Qe8 15. Qd5+
Kh8 16. O-O-O b5 17. Rxg6 Qxg6 18. Qxc6 Be6 19. f5 Bxf5 20. exf5 Qxf5 21. Nf4
Rg8 22. Rd5 Be5 23. Bd3 Qf6 24. Qxc7 Rg7 25. Qc6 Rag8 26. Ng6+ Rxg6 27. Bxg6
Rxg6 28. axb5 axb5 29. Rxb5 Nf8 30. Rb8 Kg8 31. Qc4+ Qf7 32. Nd5 Kg7 33. Ra8 Qf3
34. Ra7+ Kh8 35. Kb1 Rg7 36. Ra8 Rf7 37. Bh6 Kh7 38. Bxf8 Rxf8 39. Rxf8 Qxf8 40.
Qd3+ Kh8 41. c3 Qf2 42. Qb5 Qf5+ 43. Ka2 Kg7 44. Qe8 Qxh3 45. Qe7+ Kg6 46. Qe8+
Kg7 47. Nc7 Qf5 48. Ne6+ Kf6 49. Nd8 h4 50. Qf7+ Kg5 51. Qg8+ Kf4 52. Ne6+ Kf3
53. Ng5+ Ke3 54. Qd8 Bf6 55. Qb6+ Qc5 56. Qxc5+ dxc5 57. Nh3 Kf3 58. Kb3 Kg3 59.
Ng1 Kg2 60. Ne2 Bg5 0-1

[Event "22nd ch-EUR Indiv 2022"]
[Site "Terme Catez SLO"]
[Date "2022.03.29"]
[Round "3.142"]
[White "Lozynskyi, Bohdan"]
[Black "Martinkus, Rolandas"]
[Result "1-0"]
[BlackTitle "FM"]
[WhiteElo "2201"]
[BlackElo "2033"]
[WhiteFideId "14182602"]
[BlackFideId "12800481"]
[EventDate "2022.03.27"]

1. e4 e5 2. Nf3 Nc6 3. Bc4 Nf6 4. d3 h6 5. O-O d6 6. Re1 g5 7. c3 g4 8. Nfd2 h5
9. Nf1 Bh6 10. Ne3 Be6 11. Nd5 Nd7 12. Nd2 Na5 13. b4 Bxd2 14. Qxd2 Nxc4 15.
dxc4 c6 16. Ne3 Nb6 17. Qe2 Qf6 18. a4 a5 19. Rd1 Qg6 20. Qd3 O-O 21. Nf5 Bxf5
22. exf5 Qf6 23. Be3 Nc8 24. f3 Ne7 25. fxg4 hxg4 26. Rf1 Kh7 27. Rad1 axb4 28.
cxb4 Rxa4 29. Qxd6 Qxd6 30. Rxd6 Nc8 31. Rh6+ Kg8 32. f6 Rd8 33. Rf5 1-0

[Event "22nd ch-EUR Indiv 2022"]
[Site "Terme Catez SLO"]
[Date "2022.03.29"]
[Round "3.143"]
[White "Vidic, Teja"]
[Black "Javornik, Nik"]
[Result "1/2-1/2"]
[WhiteTitle "WIM"]
[WhiteElo "2191"]
[BlackElo "2002"]
[WhiteFideId "14605511"]
[BlackFideId "14636549"]
[EventDate "2022.03.27"]

1. Nf3 Nf6 2. c4 g6 3. b4 Bg7 4. Bb2 d6 5. g3 O-O 6. Bg2 a5 7. b5 e5 8. d3 Nbd7
9. O-O Nc5 10. a4 e4 11. dxe4 Nfxe4 12. Bxg7 Kxg7 13. Qd4+ Qf6 14. Qxf6+ Kxf6
15. Nfd2 Re8 16. Nxe4+ Nxe4 17. Rc1 Rb8 18. e3 Bf5 19. Nc3 Nxc3 20. Rxc3 b6 21.
Bd5 Re7 22. f3 g5 23. e4 Bg6 24. Re1 Kg7 25. Rce3 f6 26. Kf2 h6 27. f4 Rf8 28.
f5 1/2-1/2

[Event "22nd ch-EUR Indiv 2022"]
[Site "Terme Catez SLO"]
[Date "2022.03.29"]
[Round "3.144"]
[White "Herega, Nejc"]
[Black "Spacapan, Simon"]
[Result "1-0"]
[WhiteElo "2185"]
[BlackElo "1966"]
[WhiteFideId "14634058"]
[BlackFideId "14612461"]
[EventDate "2022.03.27"]

1. d4 d5 2. c4 c6 3. Nf3 Nf6 4. e3 Bf5 5. Nc3 e6 6. Nh4 Bg6 7. Be2 Nbd7 8. O-O
dxc4 9. Nxg6 hxg6 10. Bxc4 Bd6 11. g3 O-O 12. e4 e5 13. d5 Nc5 14. dxc6 bxc6 15.
Bg5 Qe7 16. Qf3 Ne6 17. Bxf6 gxf6 18. Bxe6 Qxe6 19. Na4 Be7 20. Rfd1 Rfd8 21. b3
Rxd1+ 22. Rxd1 Rd8 23. Rxd8+ Bxd8 24. Qd3 Be7 25. Kg2 Kf8 26. Qa6 Qd7 27. Qc4
Qd6 28. h4 Kg7 29. Nc3 Bd8 30. Na4 Be7 31. Qe2 Qd4 32. Nb2 Bc5 33. Nd1 Qa1 34.
Qc2 Bd4 35. g4 Bb6 36. h5 Kh6 37. Qd2+ Kg7 38. hxg6 fxg6 39. Qc2 Bd4 40. Kf3 Kh6
41. Ke2 Kg5 42. f3 Kh4 43. Qd2 Kg3 44. g5 fxg5 45. Qxg5+ Kh2 46. Qh6+ Kg2 47.
Qxg6+ Kh2 48. Qh6+ Kg3 49. Qg5+ Kh3 50. Qd2 Kg2 51. Qg5+ Kh2 52. Qd2 Kg2 53. Qc2
Kh3 54. f4 Kg4 55. f5 Kg5 56. Kf3 Kf6 57. Qxc6+ Kf7 58. Qc2 Bb6 59. Kg4 Kg7 60.
Kg5 Bd8+ 61. Kh5 Qd4 62. Qe2 Kf8 63. Nf2 Qd7 64. Kg4 Qh7 65. Qd2 Qh4+ 66. Kf3
Be7 67. b4 Qh5+ 68. Kg2 Qf7 69. Qh6+ Kg8 70. a3 Bf6 71. a4 Bg7 72. Qe6 Qxe6 73.
fxe6 Bf8 74. Ng4 Bxb4 75. Nxe5 Kf8 76. Nc6 Bc5 77. Kf3 1-0